| 000 | 00932ngm a22002770a 4500 | ||
|---|---|---|---|
| 001 | PT25890 | ||
| 003 | AR-LpoUNG | ||
| 005 | 20210202000406.0 | ||
| 007 | vd cvaizq | ||
| 008 | 191001s1938||||ru |||||||||||||||||rus d | ||
| 040 |
_aAR-LpoUNG _bspa _cAR-LpoUNG _eaacr |
||
| 041 | _arus | ||
| 044 | _aru | ||
| 082 | 0 | _a947.03 36ale | |
| 100 | 1 |
_aEisenstein, Sergei _edir. |
|
| 245 | 1 | 0 | _aAlejandro Nevsky |
| 260 |
_as.l. : _bs.n., _c[1938]. |
||
| 300 | _aDVD (112 min.) : son., byn | ||
| 505 | 0 | _aRuso con subtítulos en castellano. Hecha en 1938 | |
| 520 | _aEnérgico mensaje anti alemán y nacionalista del gobierno soviético, realizado por uno de los más notables directores de la historia del cine, sobre la derrota infligida por un príncipe ruso a los invasores Caballeros Teutónicos en el siglo XIII. | ||
| 653 | _aCINE Y TOTALITARISMO | ||
| 653 | _aDVD | ||
| 653 | _aVIDEOS | ||
| 905 | _a25890 | ||
| 942 | _cDVD | ||
| 999 |
_c54764 _d54764 |
||